000
00297nam a2200109Ia 4500
008
230907s9999||||xx |||||||||||||| ||und||
082
_a
725.23
_b
ASH
245
0
_a
Best practices for datacom facility energy efficiency /
260
_a
ASHRAE,
_b
Atlanta, GA :
_c
2009
300
_a
242 p.
942
_c
BK
999
_c
599507
_d
599507